Bilecik Bilecik Bilecik Bilecik Bilecik

Türkiye 6. Enerji Kongresi : (Record no. 57151)

MARC details
000 -BAŞLIK
Sabit Uzunluktaki Kontrol Alanı 01572nam a22003377a 4500
001 - KONTROL NUMARASI
Control Dosyası 0057346
003 - KONTROL NUMARASI KİMLİĞİ
Kontrol Alanı KOHA_MİRAKIL
005 - EN SON İŞLEM TARİHİ ve ZAMANI
Kontrol Alanı 20260207004118.0
007 - FİZİKSEL TANIM SABİT ALAN - GENEL BİLGİ
Sabit uzunluklu kontrol alanı ta
008 - SABİT UZUNLUKTAKİ VERİ ÖGELERİ - GENEL BİLGİ
Sabit Alan 160429b1994 tu |||gro|||#1|||0|tur |
020 ## - ISBN - ULUSLARARASI STANDART KİTAP NUMARASI
Kullanılabilirlik koşulları 0,01
040 ## - KATALOGLAMA KAYNAĞI
Özgün Kataloglama Kurumu TR-BiSEU
Kataloglama Dili tur
Çeviri Kurumu TR-BiSEU
Açıklama Kuralları rda
041 0# - DİL KODU
Metin ya da ses kaydının dil kodu tur
044 ## - YAYINLAYAN/ÜRETEN KURULUŞUN ÜLKE KODU
ISO country code tu
050 ## - SINIFLAMA ve YER NUMARASI
Sınıflama Numarası HD9502
Yer Numarası .T87 1994
111 2# - TOPLANTI ADI
Toplantı Adı Türkiye Enerji Kongresi (6. : 1994 : İzmir)
9 (RLIN) 47362
245 1# - ESER ADI BİLDİRİMİ
Başlık Türkiye 6. Enerji Kongresi :
Alt Eseradı vb. 17-22 Ekim 1994 İzmir :
-- Kongrenin ve Türkiye enerji günü'nün açılış ve kapanış konuşmaları, nükleer enerji paneli, enerji sektöründe yerli imalat paneli.
250 ## - BASIM BİLDİRİMİ
Basım Bildirimi 1994
264 #1 - ÜRERİM, YAYIN, DAĞITIM ve TELİF BİLDİRİMİ
Yayın yeri Ankara :
Yayınlayan Dünya Enerji Konseyi Türk Milli Komitesi
Yayın tarihi 1994
300 ## - FİZİKSEL TANIMLAMA
Sayfa, Cilt vb. c. ;
Boyutları 25 cm.
336 ## - İÇERİK TÜRÜ
Content type term metin
Content type code txt
Source rdacontent
337 ## - MEDYA TÜRÜ
Media type term aracısız
Media type code n
Source rdamedia
338 ## - TAŞIYICI TÜRÜ
Carrier type term cilt
Carrier type code nc
Source rdacarrier
500 ## - GENEL NOT
Genel Not Kaynakça var.
500 ## - GENEL NOT
Genel Not 1. Enerji kaynakları - 2. Elektrik santralleri enerji ve çevre - 3. Doğal gaz-kömür teknolojisi - 4. Türkiye'nin enerji politikası-enerjide özelleştirme-enerji sektöründe yapılanma, yasa ve finansman sorunları - 5. Enerjide bölgesel veuluslararası ilişkiler-enerji tasarrufu ve verimlilik - 6. Enerjide yerli sanayi-enerji üretimi, iletimi ve dağıtımında kullanılan teçhizatta kalite ve standardizasyon-diğer konular.
650 #0 - KONU BAŞLIĞI EK GİRİŞ - KONU TERİMİ
Konusal terim veya coğrafi ad Enerji kaynakları.
9 (RLIN) 6907
650 #0 - KONU BAŞLIĞI EK GİRİŞ - KONU TERİMİ
Konusal terim veya coğrafi ad Enerji politikası--Türkiye--Kongreler.
9 (RLIN) 38066
650 #0 - KONU BAŞLIĞI EK GİRİŞ - KONU TERİMİ
Konusal terim veya coğrafi ad Çevre politikası--Türkiye--Kongreler.
9 (RLIN) 40567
907 ## - LOCAL DATA ELEMENT G, LDG (RLIN)
a Kongre
942 ## - EK GİRİŞ ÖGELERİ (KOHA)
Source of classification or shelving scheme Library of Congress Classification
Koha item type Book
Holdings
Materyal Türü Kalıcı Konum Mevcut Konum Raf Yeri Sınıflandırma Kaynağı Edinim Bilgisi Ana Konular Alt Konular Yer Numarası Demirbaş Numarası Fatura Tarihi Geri Çekilme Durumu Kayıp Durumu Hasarlı Durumu Kredi için değil Kayıt Tarih Toplam Ödünçverme Son Görülme Tarihi Son Kontrol Tarihi Genel / Bağış Notu
Book Prof. Dr. Azmi Özcan Kütüphanesi Prof. Dr. Azmi Özcan Kütüphanesi Uluğbey Salonu Library of Congress Classification Bağış SOSYAL BİLİMLER Endüstriler, Arazi Kullanımı, İşgücü HD9502 .T87 1994 0057346 02/02/2026         29/04/2016   05/12/2024 05/12/2024 Nazmi Oruç, Akademisyen